=LDR 00000nam 2200000 4500 =001 INLIS000000000036764 =005 20130612142531 =008 ***********************************Indonesia, , Ind** =035 ##$$0010-061300000036764 =041 ##$$a Indonesia, , Ind =082 ##$$a 336.09 =090 ##$$a 336.09 =100 ##$$a Komaruddin, , Prof =245 ##$$a Uang Di Negara Sedang Berkembang =260 ##$$a 1991 $b Jakarta =300 ##$$a 582hlm,, ilus,, 21cm =650 ##$$a keuangan Negara =850 ##$$a NBPNMAT